Descartes y Espinosa : (Record no. 734)

000 -CABECERA
fixed length control field 00877nam a22002297a 4500
003 - IDENTIFICADOR DEL NÚMERO DE CONTROL
control field AR-CdUCM
008 - DATOS DE LONGITUD FIJA--INFORMACIÓN GENERAL
fixed length control field 190222b ||||| |||| 00| 0 spa d
040 ## - FUENTE DE LA CATALOGACIÓN
Agencia/entidad que catalogó originalmente la obra MUNICIPALIDAD PROVINCIAL DEL CUSCO
Entidad que transcribió la catalogación BIBLIOTECA MUNICIPAL DEL CUSCO
082 ## - NÚMERO DE LA CLASIFICACIÓN DECIMAL DEWEY
No. de Clasificación 124.1 /
Notacion interna L22
100 ## - ENTRADA PRINCIPAL--NOMBRE DE PERSONA
Nombre Personal Landormy, Paul
245 ## - MENCIÓN DE TÍTULO
Título Descartes y Espinosa :
Resto del título los grandes Filósofos /
Mención de responsabilidad Paul Landormy
260 ## - PUBLICACIÓN, DISTRIBUCIÓN, ETC.
Lugar de publicación, distribución, etc. Barcelona :
Nombre de la editorial, distribuidor, etc. Mateu ,
Fecha de publicación, distribución, etc. 1967.
300 ## - DESCRIPCIÓN FÍSICA
Nº de Páginas Extensión 253 paginas ;
Dimensiones 21cm.
440 ## - MENCIÓN DE SERIE/PUNTO DE ACCESO ADICIONAL--TÍTULO
Título Todos para muchos.
Número de la parte/sección de una obra 162
9 (RLIN) 2815
505 ## - NOTA DE CONTENIDO CON FORMATO
Nota de contenido formateada Contenido: Descartes -- El colegio de la flecha -- El discurso del Método -- Los principios de la filosofía -- La Filosofía de Espinosa -- De la libertad y de la beatitud ...
650 ## - PUNTO DE ACCESO ADICIONAL DE MATERIA--TÉRMINO DE MATERIA
Descriptor Filosofía
9 (RLIN) 395
650 ## - PUNTO DE ACCESO ADICIONAL DE MATERIA--TÉRMINO DE MATERIA
Descriptor Descartes, René, 1596-1650
9 (RLIN) 2816
650 ## - PUNTO DE ACCESO ADICIONAL DE MATERIA--TÉRMINO DE MATERIA
Descriptor Metafísica
9 (RLIN) 2817
700 ## - PUNTO DE ACCESO ADICIONAL--NOMBRE DE PERSONA
Nombre Personal Chartier, Emile
9 (RLIN) 2818
942 ## - ELEMENTOS DE PUNTO DE ACCESO ADICIONAL (KOHA)
Fuente de clasificación
Tipo de item Libros-BMC
945 ## - PROCESAMIENTO DE INFORMACIÓN LOCAL (OCLC)
Catalogador rac
Holdings
Estado de retiro (separado) Fuente de clasificación o esquema de estanterías Estado dañado Ubicación Sala donde se ubica Nombre de la colección Fecha de adquisición o compra Costo, precio normal en soles Signatura topográfica Código de Barras Última vez visto (Koha) Tipo de ítem (Koha)
No     Sala Humanidades Sala Humanidades Book Cart 2019-02-25 20.00 124.1 / L22 SH0000000790 2019-02-25 Libros-BMC

Powered by Koha